Planetas (Record no. 42822)
[ view plain ]
| 000 -Etiqueta do registo | |
|---|---|
| Valores | 00486nam a2200193 4500 |
| 100 ## - Dados gerais de processamento | |
| Dados gerais | 20240306 pory50 |
| 101 ## - Língua de publicação | |
| Língua | por |
| 102 ## - País de publicação | |
| País | PT |
| 200 ## - Titulo e menção de responsabilidade | |
| Título próprio | Planetas |
| Informação de outro título | interactivo |
| 210 ## - Publicação | |
| Nome do editor | DK ( Dorling Kindersley) |
| -- | dist. Costa do Castelo filmes |
| 215 ## - Descrição física | |
| Paginação / Volumes | 1 DVD |
| 225 ## - Colecção | |
| Título próprio da colecção | Enciclopédia visual |
| 300 ## - Notas gerais | |
| Texto da nota | 45 min.<br/>M/6 |
| 327 ## - Nota de conteúdo | |
| Texto da nota | Documentário interactivo sobre os Planetas |
| 675 ## - CDU | |
| Notação | 52 |
| 801 ## - Fonte de origem | |
| País | PT |
| Regras de catalogação | RPC |
| 990 ## - Elementos KOHA | |
| Tipo de documento | Filme DVD |
| Aquisição | Empréstimo | Código de barras | Cota | Permissão de empréstimo | Tipo de documento | Nota relativa ao exemplar |
|---|---|---|---|---|---|---|
| Biblioteca Escolar Doutor Hernâni Cidade | Biblioteca Escolar Doutor Hernâni Cidade | 56118 | DOC KIN | Filme DVD | 171 Documentário sobre Planetas |